Представление документа в формате RUSMARC

ПолеНазваниеЗначение
  Тип записи a
  Библиографический уровень m
001 Контрольный номер 5d488c648e3d4665b0b9cc2fb9a880fb
005 Дата корректировки 20140602165251.4
101 Язык документа 0_
a Язык текста rus
102 Страна публикации __
a Страна публикации RU
200 Заглавие и сведения об ответственности 1_
a Заглавие 1С: Зарплата и кадры 7.7. Практика применения
f Первые сведения об ответственности А. Д. Севостьянов, Е. В. Володина, И. В. Харлова
210 Выходные данные 1_
c Издательство Константа
a Место издания Москва
d Дата издания 2006
215 Физическое описание __
a Объем 140 с.
610 Ключевые слова 0_
a Ключевые слова бухгалтерский учет
610 Ключевые слова 0_
a Ключевые слова 1C
610 Ключевые слова 0_
a Ключевые слова программа 1С
610 Ключевые слова 0_
a Ключевые слова зарплата
610 Ключевые слова 0_
a Ключевые слова кадры
686 Индексы других классификаций __
a Классификационный индекс 65.052.9(2)214
2 Код системы rubbk
700 Автор _1
a Фамилия Севостьянов
b Имя А. Д.
701 Альтернативная интеллектуальная ответственность _1
a Фамилия Володина
b Имя Е. В.
u 2
701 Альтернативная интеллектуальная ответственность _1
a Фамилия Харлова
b Имя И. В.
u 2
801 Источник записи _0
a Страна RU
b Организация РУК
c Дата составления 20070906
g Правила каталогизации PSBO
801 Источник записи _1
a Страна RU
b Организация РУК
c Дата составления 20070906
g Правила каталогизации PSBO
852 Данные о местонахождении __
j Шифр хранения ББК 65.052
i Авторский знак С 28
901 Тип документа __
t Тип документа m
938 Служебная информация __
a Название организации Головной вуз
b Имя БД BOOK
c Название АИБС АИБС ИРБИС